Advanced practical 21st century dictionary : English into English & Urdu, with brief general knowledge : (Record no. 136348)

MARC details
000 -LEADER
fixed length control field 00881nam a22002177a 4500
010 ## - LIBRARY OF CONGRESS CONTROL NUMBER
LC control number B-097654
020 ## - INTERNATIONAL STANDARD BOOK NUMBER
International Standard Book Number 8182230322
Terms of availability 475.00
035 ## - SYSTEM CONTROL NUMBER
System control number B-097654
037 ## - SOURCE OF ACQUISITION
Source of stock number/acquisition Cen Lib/Ref
040 ## - CATALOGING SOURCE
Original cataloging agency DPL
Language of cataloging En
082 ## - DEWEY DECIMAL CLASSIFICATION NUMBER
Classification number 483.4
Item number EDU
245 ## - TITLE STATEMENT
Title Advanced practical 21st century dictionary : English into English & Urdu, with brief general knowledge :
Remainder of title includes more than 1,00,000 words, phrases, idioms, usages, illustrations and sentences /
Statement of responsibility, etc edited by Khwaja Ejaz Rasool
260 ## - PUBLICATION, DISTRIBUTION, ETC. (IMPRINT)
Place of publication, distribution, etc Delhi
Name of publisher, distributor, etc Educational Publishing House
Date of publication, distribution, etc 2005
270 ## - ADDRESS
Address 3108, Vakil Street, Kucha Pandit Lal Kaun
City Delhi
300 ## - PHYSICAL DESCRIPTION
Extent 1600p
Dimensions 27cm(Hb)
650 ## - SUBJECT ADDED ENTRY--TOPICAL TERM
Topical term or geographic name as entry element English language -- Dictionaries -- Urdu.
9 (RLIN) 142390
650 ## - SUBJECT ADDED ENTRY--TOPICAL TERM
Topical term or geographic name as entry element English language -- Dictionaries.
9 (RLIN) 33853
650 ## - SUBJECT ADDED ENTRY--TOPICAL TERM
Topical term or geographic name as entry element English language.
9 (RLIN) 1922
700 ## - ADDED ENTRY--PERSONAL NAME
Personal name Khwaja Ejaz Rasool
9 (RLIN) 142391
942 ## - ADDED ENTRY ELEMENTS (KOHA)
Source of classification or shelving scheme Dewey Decimal Classification
Koha item type English Books
Classification part 483.4
Call number suffix EDU
Holdings
Withdrawn status Lost status Damaged status Not for loan Home library Current library Date acquired Source of acquisition Cost, normal purchase price Total Checkouts Full call number Barcode Date last seen Copy number Cost, replacement price Price effective from Koha item type
        Central Library Central Library 28/03/2016 Cen Lib/Ref 475.00   483.4 EDU B-097654 28/03/2016 1 475.00 28/03/2016 English Books

© Delhi Public Library
Hit Counter
free hit counter